Sardar Patel's correspondence, 1945-50 / (Record no. 136836)
[ view plain ]
| 000 -LEADER | |
|---|---|
| fixed length control field | 00700nam a22002177a 4500 |
| 010 ## - LIBRARY OF CONGRESS CONTROL NUMBER | |
| LC control number | 686957 |
| 020 ## - INTERNATIONAL STANDARD BOOK NUMBER | |
| Terms of availability | 25.00 |
| 035 ## - SYSTEM CONTROL NUMBER | |
| System control number | 686957 |
| 037 ## - SOURCE OF ACQUISITION | |
| Source of stock number/acquisition | Cen Lib / Ret |
| 040 ## - CATALOGING SOURCE | |
| Original cataloging agency | DPL |
| Language of cataloging | EN |
| 082 ## - DEWEY DECIMAL CLASSIFICATION NUMBER | |
| Classification number | 040 |
| Item number | PAT |
| 100 ## - MAIN ENTRY--PERSONAL NAME | |
| Personal name | Patel's, Sardar |
| 245 ## - TITLE STATEMENT | |
| Title | Sardar Patel's correspondence, 1945-50 / |
| Statement of responsibility, etc | by Sardar Patel's ; edited by Durga Das |
| 260 ## - PUBLICATION, DISTRIBUTION, ETC. (IMPRINT) | |
| Place of publication, distribution, etc | Ahmedabad |
| Name of publisher, distributor, etc | Navajivan Publishing House |
| Date of publication, distribution, etc | 1972 |
| 270 ## - ADDRESS | |
| Address | Navajivan Publishing House |
| City | Ahmedabad |
| 300 ## - PHYSICAL DESCRIPTION | |
| Extent | v 3. (xlix, 394p) |
| Other physical details | 27cm(Hb) |
| 650 ## - SUBJECT ADDED ENTRY--TOPICAL TERM | |
| Topical term or geographic name as entry element | Patel, Vallabhbhai, -- 1875-1950. |
| 650 ## - SUBJECT ADDED ENTRY--TOPICAL TERM | |
| Topical term or geographic name as entry element | India -- Politics and government -- 1919-1947 -- Sources. |
| 700 ## - ADDED ENTRY--PERSONAL NAME | |
| Personal name | Das, Durga |
| 942 ## - ADDED ENTRY ELEMENTS (KOHA) | |
| Source of classification or shelving scheme | Dewey Decimal Classification |
| Koha item type | English Books |
| Classification part | 040 |
| Call number suffix | PAT |
| Withdrawn status | Lost status | Source of classification or shelving scheme | Materials specified (bound volume or other part) | Damaged status | Not for loan | Home library | Current library | Date acquired | Source of acquisition | Cost, normal purchase price | Total Checkouts | Full call number | Barcode | Date last seen | Copy number | Cost, replacement price | Price effective from | Koha item type |
|---|---|---|---|---|---|---|---|---|---|---|---|---|---|---|---|---|---|---|
| Dewey Decimal Classification | v 3 | Central Library | Central Library | 10/03/2016 | Cen Lib/Ret | 25.00 | 040 PAT | 686957 | 10/03/2016 | 1 | 25.00 | 10/03/2016 | English Books |
